000 00494nam a2200145Ia 4500
008 140724s9999 xx 000 0 und d
050 _aBL 53
_b.F333 2013
100 _aFeniza, Alexander.
245 2 _aA study on the common problems and coping strategies of selected teenage mothers /
_cAlexander Feniza.
260 _aLas PiƱas, Philippines :
_bSouthville International School and Colleges,
_cc2013.
300 _a45 p. :
_c28 cm.
521 _aPsychology
942 _cTH
999 _c229032
_d229032